| 000 | 00560cam a22001577a 4500 | ||
|---|---|---|---|
| 008 | 180718b1993 xxu||||| |||| 00| 0 eng d | ||
| 082 | _aH211 G346 | ||
| 100 | _aGhosh, Indrani | ||
| 245 |
_aPolitical questions and the supreme courts of the U.S.A. and India: a study on a dynamic aspect of comparative constitutional politics _cby Indrani Ghosh |
||
| 260 |
_aCalcutta _bMinerva _c1993 |
||
| 300 | _a127p. | ||
| 650 | _aConstitutional law - India | ||
| 650 | _aJustice, Administration of | ||
| 650 | _aSupreme Court - U.S.A. | ||
| 650 | _aSupreme Court - India | ||
| 999 |
_c351329 _d351329 |
||